000 01127nam0a2200337 i 4500
001 RU\NLR\BIBL_A\011002829
005 20241103071528.0
010 _a9785990736788
_96000
021 _aRU
_b2016-10267
_9667
035 _a(NILC)RuMoRGB-008141282
035 _a(NLR Aleph) 011002829
090 _a10975410
_c10975410
100 _a20160226d2015 u y0rusy50 ca
101 0 _arus
102 _aRU
105 _aa|||z||||00yy
200 1 _aСнежинки из офисных стикеров
_f[Проснякова Татьяна Николаевна]
210 _aМосква
_cХоббитека
_d2015
215 _a30, [3] с.
_cцв. ил.
_d22
225 1 _a3D стик-арт
300 _aАвт. указан перед вып. дан.
333 _a6+
606 _aМодульное оригами
_92180760
_3RU\NLR\AUTH\6601547990
686 1 _aМ78
700 1 _aПроснякова
_bТ. Н.
_gТатьяна Николаевна
801 0 _aRU
_bРГБ
_c20160210
_gRCR
801 1 _aRU
_bРГБ
_c20160210
_2rusmarc
942 _cBOOK
980 _aNBR